Managing and modelling of financial risks proceedings : 7th international scientific conference : 8th - 9th september 2014, Ostrava, Czech Republic
Saved in:
| Corporate Authors: | , |
|---|---|
| Other Authors: | , , |
| Format: | Book |
| Language: | English Czech |
| Published: |
Ostrava
VŠB - Technical University of Ostrava
2014
|
| Subjects: | |
| Tags: |
No Tags, Be the first to tag this record!
|
MARC
| LEADER | 00000nlm a2200000 4500 | ||
|---|---|---|---|
| 001 | 0200715 | ||
| 005 | 20240104131110.0 | ||
| 020 | |a 978-80-248-3631-7 | ||
| 041 | 0 | |a eng | |
| 041 | 0 | |a cze | |
| 044 | |a CZ | ||
| 245 | 1 | 0 | |a Managing and modelling of financial risks |b proceedings : 7th international scientific conference : 8th - 9th september 2014, Ostrava, Czech Republic |c edited by Miroslav Čulík ; reviewed by Dana Dluhošová, Zdeněk Zmeškal |
| 264 | 1 | |a Ostrava |b VŠB - Technical University of Ostrava |c 2014 | |
| 300 | |a CD-ROM [922 s.] | ||
| 610 | 2 | 0 | |a riziko finančné |
| 610 | 2 | 0 | |a riadenie rizík |
| 610 | 2 | 0 | |a modely |
| 610 | 2 | 0 | |a modelovanie finančné |
| 700 | 1 | |a Čulík, Miroslav | |
| 700 | 1 | |a Dluhošová, Dana | |
| 700 | 1 | |a Zmeškal, Zdeněk | |
| 110 | 2 | |a Managing and modelling of financial risks. International scientific conference | |
| 710 | 2 | |a Ekonomická fakulta VŠB - Technická univerzita Ostrava. Katedra financí | |